000
00312nam a22001337a 4500
020
_a
81-7862-434-6
082
_a
920
_b
KAP/A
100
_a
KAPOOR,SADHANA
245
_a
BHIMRAO AMBEDKAR
260
_a
NEW DELHI
_b
STERLING PRESS PRIVATE LIMITED
300
_a
62
650
_a
ABOUT AMBEDKAR
_z
NEW DELHI
942
_c
BK
999
_c
5805
_d
5805